| 000 | 00914nam a2200265 a 4500 | ||
|---|---|---|---|
| 001 | BRCA_3716 | ||
| 005 | 20190320204409.0 | ||
| 008 | 150909s1962----mx-a---###---#000-0#spa-# | ||
| 041 | _aspa | ||
| 044 | _amx | ||
| 050 | 4 |
_aBX1430 _b.A26 1962 |
|
| 100 | 1 |
_aAcosta, Vicente _99671 |
|
| 245 | 1 | 0 |
_aLa milagrosa imagen de Ntra. Señora del Pueblito. _cVicente Acosta y Cesáreo Munguía. |
| 250 | _a2 | ||
| 260 |
_aMéxico _bJus _c1962 |
||
| 300 |
_a113 p. _bil. _c23 cm. |
||
| 440 | 0 |
_aMonografías históricas de la diócesis de Querétaro ; Colección primer centenario, 1863-1963 _v2 _99672 |
|
| 500 | _aDonación realizada por Pedro Corsi | ||
| 504 | _aBibliografía: p. 103-107 | ||
| 505 | 0 | _aContenido: t.1. Compendio histórico de su culto | |
| 650 | 1 | 4 |
_aNuestra Señora del Pueblito (Santuario) _99673 |
| 650 | 1 | 4 |
_aLanguage file _xSpanish _99674 |
| 700 | 1 |
_aMunguía, Cesáreo _99675 |
|
| 942 |
_2lcc _cB |
||
| 999 |
_c3446 _d3446 |
||